| 000 | 00346nam a2200145Ia 4500 | ||
|---|---|---|---|
| 008 | 150201s2013 xx 000 0 und d | ||
| 082 |
_a610.7343 _bC13R |
||
| 100 | _aRAO , B. SRIDHAR | ||
| 245 | _aCOMMUNITY HEATH NURSING | ||
| 250 | _a2ND | ||
| 260 |
_bAITBS _aDELHI _c2013 |
||
| 300 | _a432 | ||
| 650 | _aCOMMUNITy NURSING | ||
| 942 |
_2ddc _cBK _08 |
||
| 999 |
_c2007 _d2007 |
||